000 00291nam a2200121Ia 4500
008 231129s1991||||xx |||||||||||||| ||spa||
082 _aHAJ- 0078
100 _aLombana Mejí­a Pedro Manuel
245 0 _aCafé año 2000
260 _c1991
264 _aManizales: Papiro
942 _2ddc
_cBKS
999 _c6429
_d6429